000 01085nam0a22002531 4500
001 rc\3789646
005 20120311163542.8
021 _aRU
_bП103-76
035 _a(NLR Aleph) 007240195
090 _a7754320
_c7754320
100 _a20120311d1975 |||y0rusy50 ca
101 0 _arus
102 _aRU
105 _ay z |||||
200 1 _aСостояние школьного образования в развитых капиталистических странах
_e(США, Англия, Франция
_e1971-1973 гг.)
_f[Ред. к. п. н. Ф.И. Юрченко]
_gМ-во прос. СССР. Акад. пед. наук СССР. НИИ общей педагогики АПН СССР. Отд. науч.-пед. информации и пропаганды
210 _aМосква
_cБ. и.
_d1975
215 _a125 с.
_d20
225 1 _aОбзорная информация
_vВып. 4
702 1 _aЮрченко
_bФ. И.
_gФедор Ильич
_4340
801 0 _aRU
_bNLR
_gpsbo
801 1 _aRU
_bELAR
_2rusmarc
852 _aNLR
_jП28/1249
942 _cBOOK
980 _aNB